000 00644nam a2200241 i 4500
001 000038539
003 DO-SdBNP
005 20260205071733.0
008 260205s2016 dr ac r 000 0 spa d
040 _aDO-SdBNP
_bspa
_cBNPHU
_erda
041 _aspa
082 _axxxx
_bM533
_222
100 _964878
245 1 0 _aMemoria anual 2016
264 _aSanto Domingo :
_bProfamilia,
_c2016
300 _a38 páginas :
_bil.ustraciones ;
_c28 cm.
336 _ardacontent
_btexto
_2txt
337 _ardamedia
_bsin mediación
_2n
338 _ardacarrier
_bvolumen
_2nc
590 _aInventariado, 2026/DG
910 _aDG
942 _2ddc
_cLBS1
999 _c60227
_d60227